=LDR 00000nam 2200000 4500 =001 INLIS000000000034791 =005 20130612140702 =008 ***********************************ind** =035 ##$$0010-061300000034791 =041 ##$$a ind =082 ##$$a 507 =090 ##$$a 507, Ram m =100 ##$$a Ramli, Munas P =245 ##$$a Mari mencoba sains air udara cuaca, Mengenal sains dengan bereksperimen/Munas P Ramli, Yanti Hertanti,Iwan Permana S =260 ##$$a 2007 $b Bogor =300 ##$$a 126 hlm., Ilus., 29 cm =650 ##$$a Sains - Eksperimen =700 ##$$a Hertanti, Yanti =850 ##$$a NBPNMAT =990 ##$$a 21400613/BPAP-NTB/20142014 =990 ##$$a 0001/BPAP-NTB/2016